GATS: The case for open services markets

Enregistré dans:
Détails bibliographiques
Format: Livre
Langue:anglais
Publié: Paris OECD 2002
Sujets:
Tags: Ajouter un tag
Pas de tags, Soyez le premier à ajouter un tag!

MARC

LEADER 00000nam a2200000 4500
001 c133806
005 20221221092121.4
020 |a 92-64-19725-7 
041 0 |a eng 
044 |a FR 
245 1 0 |a GATS: The case for open services markets 
264 1 |a Paris  |b OECD  |c 2002 
300 |a 97 s. 
610 2 0 |a služby 
610 2 0 |a sektor terciárny 
610 2 0 |a trh 
610 2 0 |a reformy 
610 2 0 |a globalizácia 
610 2 0 |a zamestnanci 
610 2 0 |a príjmy 
610 2 0 |a obchod 
610 2 0 |a vývoz 
610 2 0 |a produkty 
610 2 0 |a liberalizácia 
610 2 0 |a telefón 
610 2 0 |a mzdy 
610 2 0 |a svet 
610 2 0 |a OECD 
610 2 0 |a GATS